Já se tak těším a těším píseň /

Hlavní autor: Letfus, Oldřich, 1900-1959
Další autoři: Adam, Adam, 1909-1997
Jazyk: Čeština
Vydáno: Praha : R.A. Dvorský, [1942]
Edice: [Popěvky nakladatelství R.A. Dvorský]
Fyzický popis: [4] s.
Hudebniny Hudebniny
Uloženo v:
LEADER 00875ncm a22002412a 4500
001 000200836
003 CZ BrMZK
005 20110223082945.0
007 qu
008 960101s1942 xr f cze d
040 |a BOA001  |b cze 
072 7 |a 784  |x Vokální hudba  |2 Konspekt  |9 9 
100 1 |a Letfus, Oldřich,  |d 1900-1959  |7 ola200202557  |4 cmp 
245 1 0 |a Já se tak těším a těším  |h [hudebnina] :  |b píseň /  |c hudba Oldřich Letfus ; slova Adam Adam 
260 |a Praha :  |b R.A. Dvorský,  |c [1942] 
300 |a [4] s. 
490 1 |a [Popěvky nakladatelství R.A. Dvorský] ;  |v č. 301 
700 1 |a Adam, Adam,  |d 1909-1997  |7 jo2010565041  |4 lyr 
830 0 |a [Popěvky nakladatelství R.A. Dvorský] 
910 |a BOA001  |b Mus1-0168.594,301 
990 |a MU 
991 |b 201102 
996 6 |b 2619934609  |c Mus1-0168.594,301  |l MZK  |r Sklad / do 1 hodiny  |n 1  |w 000200836  |u 000010  |a 1  |e BOA001  |j MZK50  |s P